[Event "Negombo op 3rd"]
[Site "Negambo"]
[Date "2017.08.22"]
[Round "5"]
[White "Dissanayake, Praveen Manodya"]
[Black "Jayanka, LPPR"]
[Result "1/2-1/2"]
[WhiteElo "1134"]
[BlackElo "1426"]
[PlyCount "49"]
[EventDate "2017.08.20"]
[EventType "swiss"]
[EventRounds "10"]
[EventCountry "SRI"]
[SourceTitle "CBM 180 Extra"]
[Source "ChessBase"]
[SourceDate "2017.10.06"]
[SourceVersion "1"]
[SourceVersionDate "2017.10.06"]
[SourceQuality "1"]

1. e4 d5 2. exd5 Qxd5 3. Nc3 Qa5 4. d4 Nf6 5. Nf3 Bg4 6. Bd2 Nc6 7. Bb5 0-0-0 8. Bxc6 bxc6 9. h3 Qh5 10. Be3 e5 11. Qe2 Kb7 12. 0-0-0 Bxf3 13. gxf3 Bb4 14. Qc4 Bxc3 15. Qxc3 Nd5 16. Qb3+ Ka8 17. Qc4 Kb7 18. Rd3 Qxf3 19. Rhd1 Nb6 20. Qb4 Qd5 21. b3 Qb5 22. Qxb5 cxb5 23. dxe5 Rxd3 24. Rxd3 Re8 25. Bf4 1/2-1/2